Word Ladder: 5 Vowel Sounds Quiz Stats

 Plays Quiz Updated Jun 25, 2018

Challenge
Share
Tweet
Embed
Score 0/12 Timer 01:30
1 Play Today
Clue 4-Letter Word % Correct
Storage place for moneyBANK
98.4%
'The ___ of the Irish'•LUCK•
97.9%
Stacked bedsBUNK
97.9%
Kiss from a dog?•LICK•
97.4%
A male deerBUCK
97.2%
Place to put a key•LOCK•
97%
'Your ____ of faith disturbs me,' - Darth Vader•LACK•
96.9%
Storage place for fuelTANK
96.9%
Spreader of Lyme DiseaseTICK
96.1%
Bulletin board fastenerTACK
95.4%
Home to Nessie the monster?•LOCH•
94.6%
Walesa of Poland•LECH•
72.4%

Today's Daily Dose

You're not logged in!

Compare scores with friends on all Sporcle quizzes.
Join for Free
OR
Log In

You Might Also Like...

Show Comments

Extras

Top Quizzes Today


Score Distribution

Your Account Isn't Verified!

In order to create a playlist on Sporcle, you need to verify the email address you used during registration. Go to your Sporcle Settings to finish the process.

Report this User

Report this user for behavior that violates our Community Guidelines.

Details: